[Event "WSTCC-65 2020"]
[Site "Prague"]
[Date "2020.03.09"]
[Round "4.2"]
[White "Chevelevitch, Evgueni"]
[Black "Hausner, Ivan"]
[Result "1-0"]
[WhiteElo "2391"]
[BlackElo "2339"]
[Annotator "TA"]
[PlyCount "115"]
[EventDate "2020.03.06"]
[EventType "team-tourn"]
[EventCountry "CZE"]
[SourceTitle "playchess.com"]
[Source "ChessBase"]
[SourceQuality "1"]

{[%evp 20,115,60,66,69,23,91,84,92,93,96,97,90,88,99,86,87,87,97,98,91,102,112,97,100,102,108,108,104,116,109,113,110,104,99,102,109,102,114,109,110,95,89,89,96,87,102,91,108,102,114,114,122,114,114,103,115,115,96,109,118,94,116,108,139,134,145,130,193,193,181,181,193,193,211,195,223,217,282,279,285,285,283,277,276,276,263,247,247,225,404,406,524,517,518,512,512,501]} 1. e4 c5 2. Nf3 Nf6 3. e5 Nd5 4. Nc3 e6 5. Nxd5 exd5 6. d4 Nc6 7. dxc5 Bxc5 8. Qxd5 d6 9. exd6 Qb6 10. Qe4+ Be6 11. Qh4 O-O {[#] B29: Sicilian: 2 Nf3 Nf6 (Nimzowitsch Variation).} 12. Be2 $146 ({Predecessor:} 12. Bd3 Qb4+ 13. Qxb4 Nxb4 14. O-O Nxd3 15. cxd3 Rfd8 16. Be3 Bxd6 17. Rfc1 h6 18. a3 Bd5 19. Rc2 {½-½ (40) Bagi,M (2470)-Hausner,I (2374) Slovakia 2020}) 12... Qb4+ (12... Bf5 $11 {keeps the balance.}) 13. c3 $16 Qxh4 {White is better.} 14. Nxh4 Rfe8 {[#] aiming for ...Bc4.} 15. Be3 Bxe3 16. fxe3 Rad8 17. Nf3 Rxd6 {[#]} 18. Kf2 $1 Rd7 19. Rhd1 Rde7 20. Bb5 Bg4 21. Re1 Re6 22. Rad1 a6 23. Bxc6 Rxc6 24. Rd4 Be6 25. a3 Kf8 26. Nd2 Bc8 27. Ne4 Be6 28. Red1 h6 29. R1d2 Ke7 30. Rd6 (30. h3 {is interesting.} f6 31. a4 Rec8 32. Kf3 f5 33. Nd6) 30... Rec8 31. Rxc6 Rxc6 {[%mdl 4096] Endgame KRB-KRN} 32. Rd4 Rc7 33. Rb4 Bd5 34. Nd2 Ke8 35. e4 Be6 36. Rb6 Kd8 37. Ke3 Rd7 38. Rb4 Kc7 39. a4 {[%cal Ba3a4,Ba4a5][%mdl 32]} Re7 40. Kf4 Bd7 41. a5 Re6 42. Rc4+ Kb8 43. Rc5 b6 (43... Bc6 $16 44. b4 Kc7) 44. axb6 $18 Rxb6 45. b4 Rf6+ 46. Ke3 Bc6 47. Nf3 Bb7 48. g3 Re6 49. Re5 Rc6 50. Kd3 Rc7 51. Re8+ Bc8 52. Nd4 Kb7 53. c4 Bh3 54. Kc3 g6 $2 (54... Bf1 {is a better defense.}) 55. Nb3 Kc6 56. Na5+ {White is clearly winning.} Kd7 57. Ra8 Bg2 58. Kd4 {Accuracy: White = 97%, Black = 78%.} 1-0

[Event "WSTCC-65 2020"]
[Site "Prague"]
[Date "2020.03.09"]
[Round "4.3"]
[White "Lechtynsky, Jiri"]
[Black "Hort, Vlastimil"]
[Result "1/2-1/2"]
[WhiteElo "2330"]
[BlackElo "2397"]
[Annotator "TA"]
[PlyCount "47"]
[EventDate "2020.03.06"]
[EventType "team-tourn"]
[EventCountry "CZE"]
[SourceTitle "playchess.com"]
[Source "ChessBase"]
[SourceQuality "1"]

{[%evp 15,47,37,81,57,99,102,95,49,100,110,121,127,114,110,97,104,128,110,122,141,108,89,83,82,70,72,77,74,75,64,79,63,90,91]} 1. d4 Nf6 2. Nf3 g6 3. c4 Bg7 4. Nc3 d5 5. Bg5 Ne4 6. cxd5 Nxc3 7. bxc3 Qxd5 8. e3 Bg4 9. Bh4 {D91: Grünfeld: 4 Nf3 Bg7 5 Bg5.} Nd7 10. Be2 e5 11. O-O exd4 ({Black should play} 11... e4 $14) 12. cxd4 O-O 13. h3 Bf5 {[#]} 14. Nd2 $146 ({Predecessor:} 14. Rc1 c6 15. Bc4 Qa5 16. Qb3 Qb6 17. Qa3 h6 18. Be7 Rfe8 19. Qd6 Rac8 20. e4 Bxe4 21. Qxd7 Bxf3 22. Bxf7+ {1-0 (22) Chuchelov,V (2545)-Pauptit,G Zwolle 1998}) 14... c6 15. Bf3 Qd6 16. Qb3 Nb6 17. a4 {[%cal Ba2a4,Ba4a5][%mdl 32]} Be6 18. Qc2 f5 19. a5 Nd5 20. Nc4 Qd7 21. Ne5 Bxe5 22. dxe5 h6 23. Bxd5 Bxd5 24. Bf6 {Accuracy: White = 94%, Black = 76%.} 1/2-1/2

[Event "WSTCC-65 2020"]
[Site "Prague"]
[Date "2020.03.09"]
[Round "4.4"]
[White "Buchal, Stephan"]
[Black "Mozny, Milos"]
[Result "1/2-1/2"]
[WhiteElo "2276"]
[BlackElo "2261"]
[Annotator "ChessBase"]
[PlyCount "48"]
[EventDate "2020.03.06"]
[EventType "team-tourn"]
[EventCountry "CZE"]
[SourceTitle "playchess.com"]
[Source "ChessBase"]
[SourceQuality "1"]
[TimeControl "40/5400+30:1800+30"]

1. c4 {[%emt 0:00:00]} e5 {[%emt 0:00:00]} 2. g3 {[%emt 0:00:00]} Nf6 {[%emt 0:00:07]} 3. Bg2 {[%emt 0:00:13]} d5 {[%emt 0:00:41]} 4. cxd5 {[%emt 0:00:09]} Nxd5 {[%emt 0:00:06]} 5. Nf3 {[%emt 0:00:26]} Nc6 {[%emt 0:01:18]} 6. O-O {[%emt 0:02:51]} Be7 {[%emt 0:00:32]} 7. d4 {[%emt 0:01:10]} exd4 {[%emt 0:05:31]} 8. Nxd4 {[%emt 0:01:09]} Nxd4 {[%emt 0:00:17]} 9. Qxd4 {[%emt 0:00:05]} Nf6 {[%emt 0:00:21]} 10. Qa4+ {[%emt 0:02:39]} c6 {[%emt 0:02:03]} 11. Rd1 {[%emt 0:01:25]} Qb6 {[%emt 0:01:20]} 12. Be3 {[%emt 0:03:13]} Bc5 {[%emt 0:03:43]} 13. Bxc5 {[%emt 0:00:52]} Qxc5 {[%emt 0:00:06]} 14. b4 {[%emt 0:04:06]} Qb6 {[%emt 0:09:32]} 15. Nc3 {[%emt 0:01:58]} O-O {[%emt 0:06:45]} 16. b5 {[%emt 0:02:00]} Bd7 {[%emt 0:08:18]} 17. bxc6 {[%emt 0:04:57]} Bxc6 {[%emt 0:00:30]} 18. Bxc6 {[%emt 0:00:14]} Qxc6 {[%emt 0:01:08]} 19. Qxc6 {[%emt 0:01:49]} bxc6 {[%emt 0:00:07]} 20. Rd6 {[%emt 0:05:36]} Rac8 {[%emt 0:04:37]} 21. Rb1 {[%emt 0:10:39]} Rc7 {[%emt 0:00:20]} 22. e4 {[%emt 0:03:37]} Nd7 {[%emt 0:11:48]} 23. f4 {[%emt 0:06:47]} f6 {[%emt 0:00:14]} 24. Kf2 {[%emt 0:26:18]} Kf7 {[%emt 0:00:49]} 1/2-1/2

[Event "WSTCC-65 2020"]
[Site "Prague"]
[Date "2020.03.09"]
[Round "4.5"]
[White "Balashov, Yuri S"]
[Black "Vaisser, Anatoly"]
[Result "1/2-1/2"]
[WhiteElo "2465"]
[BlackElo "2495"]
[Annotator "TA"]
[PlyCount "101"]
[EventDate "2020.03.06"]
[EventType "team-tourn"]
[EventCountry "CZE"]
[SourceTitle "playchess.com"]
[Source "ChessBase"]
[SourceQuality "1"]

{[%evp 9,101,23,33,14,0,-9,46,58,56,60,69,64,78,66,69,52,52,52,54,58,53,51,56,58,69,27,65,66,97,50,42,42,112,113,114,71,108,107,119,119,147,146,159,87,91,81,94,78,116,111,151,162,141,129,208,197,203,179,201,142,125,33,21,36,262,178,375,129,129,129,129,129,131,131,131,132,132,88,309,309,309,208,262,262,276,31,31,8,8,8,8,8,8,8]} 1. d4 f5 2. Bg5 g6 3. Nc3 Bg7 4. e4 fxe4 5. Nxe4 d5 6. Nc3 {A80: Dutch Defence: Unusual White second moves.} Nc6 7. Bb5 Qd6 (7... Nh6 $11) 8. Nge2 {[#] White is slightly better.} a6 $146 ({Predecessor:} 8... Bg4 9. f3 Be6 10. Bf4 Qd7 11. Be5 Nf6 12. Nf4 a6 13. Ba4 O-O 14. Nd3 b6 {½-½ (49) Song,M (2376)-Cappon,J (2204) Cappelle-la-Grande 2016}) 9. Bf4 e5 10. dxe5 Bxe5 11. Bxe5 Qxe5 12. Bxc6+ bxc6 13. Qd4 Qxd4 14. Nxd4 Kd7 $1 15. O-O-O Nf6 16. Rhe1 $36 {[%mdl 2048] White has some pressure.} Kd6 17. f3 Bd7 18. Nb3 $1 Rab8 19. Ne4+ (19. Nd2 {keeps more tension.} Rhe8 20. Nde4+ Nxe4 21. Nxe4+ Ke7 22. Ng5+) 19... Nxe4 20. fxe4 Rb4 (20... Be6 $14) 21. a3 $16 Ra4 22. Rd2 Re8 {[#]} 23. e5+ $1 {[%mdl 512]} Ke7 (23... Rxe5 $2 24. Rxe5 Kxe5 25. Nc5 $18) 24. Nc5 Rc4 25. Nxa6 Ra8 26. e6 (26. Nxc7 $142 Ra7 27. e6) 26... Rxa6 27. exd7+ Kxd7 {[%mdl 4096] Endgame KRR-KRR} 28. Rf2 Rh4 29. h3 Raa4 30. Rf7+ Kd6 31. Ref1 Rac4 (31... c5 $16 {was worth a try.}) 32. b3 Rc3 33. Kb2 d4 34. a4 Re4 {Black wants to play ...Re2.} 35. R1f4 ({But not} 35. Rxh7 $6 Re2 $11) ({White should play} 35. R1f2 $16) 35... Rxf4 $14 36. Rxf4 {KR-KR} Ke5 $2 (36... Kc5 $14) 37. Rf7 Rg3 $2 (37... Kd6 38. Rxh7 Rg3) 38. Rxc7 $2 (38. a5 $18 {and the rest is easy.} d3 39. a6 dxc2 40. Rf1 (40. Rxc7 Rxb3+ 41. Kxc2 Ra3 $14)) 38... Kd6 $16 39. Rxh7 Rxg2 {[#]} 40. Rh4 $1 {[%cal Rh4d4]} Kc5 41. Rg4 Rh2 42. Rg3 Rf2 43. Kc1 Kb4 $2 (43... Rh2 $16) 44. Rxg6 $18 c5 45. Rg3 c4 46. bxc4 Kxa4 {[#]} 47. Rg4 $2 (47. Rb3 $1 $18) 47... Rh2 $1 $14 48. h4 Kb4 {The position is equal.} 49. Rxd4 {Threatens to win with Rf4.} Kc3 {[%mdl 64] Double Attack} 50. Rd3+ Kxc4 51. Ra3 {Accuracy: White = 60%, Black = 60%.} 1/2-1/2

[Event "WSTCC-65 2020"]
[Site "Prague"]
[Date "2020.03.09"]
[Round "4.6"]
[White "Giffard, Nicolas"]
[Black "Sveshnikov, Evgeny"]
[Result "0-1"]
[WhiteElo "2236"]
[BlackElo "2470"]
[Annotator "TA"]
[PlyCount "76"]
[EventDate "2020.03.06"]
[EventType "team-tourn"]
[EventCountry "CZE"]
[SourceTitle "playchess.com"]
[Source "ChessBase"]
[SourceQuality "1"]

{[%evp 24,76,0,0,-4,-5,0,0,0,-2,0,-2,6,-6,15,0,22,-14,-14,-14,0,-63,-51,-62,-47,-139,-139,-148,-129,-124,-129,-175,-167,-224,-178,-187,-179,-289,-274,-304,-309,-345,-366,-592,-533,-549,-509,-533,-339,-1023,-1008,-920,-920,-2110,-2042]} 1. d4 d5 2. c4 e6 3. Nc3 c6 4. e3 Nf6 5. Nf3 Nbd7 6. Bd3 dxc4 7. Bxc4 b5 8. Bd3 Bb7 9. O-O a6 10. a4 b4 11. Nb1 {[%cal Bc3b1,Bb1d2,Bd2c4][%mdl 32]} c5 12. Nbd2 Be7 13. a5 O-O {D48: Semi-Slav: Meran System: 7...b5 8 Bd3 a6.} 14. Qe2 Qc7 15. Rd1 (15. Nc4 Be4 16. Bd2 Qb7 17. Bxe4 Nxe4 18. Rfc1 cxd4 19. exd4 Nxd2 20. Qxd2 Rad8 21. Qe2 Qb5 22. Kf1 {½-½ (22) Giffard,N (2218)-Sveshnikov,E (2485) Bucharest 2019}) 15... Rfd8 {The position is equal.} 16. Nc4 Be4 17. Bxe4 Nxe4 18. Bd2 {[#]} Nd6 $146 ({Predecessor:} 18... Rac8 19. Rac1 Qb7 {½-½ (19) Freeman,M (2517)-Jacot,L (2525) ICCF email 2014}) 19. Rdc1 Nxc4 20. Qxc4 (20. Rxc4 {is more complex.} Qb7 21. Rac1 Rac8 22. b3 cxd4 23. exd4 h6 24. h3) 20... Qb7 21. dxc5 Bxc5 22. b3 (22. Qf1 $11) 22... Rac8 $15 23. Qf1 e5 24. Rc2 {White is now going downhill.} ({White should try} 24. e4 $15) 24... e4 $17 25. Ne1 Bd6 26. Rac1 Rxc2 27. Rxc2 Ne5 28. f4 {[#]} (28. Qe2 {was worth a try.}) 28... Nc6 $1 $19 {[%cal Be5c6,Bc6a5,Ba5b3,Bb3c5,Bc5d7][%mdl 32]} 29. Ra2 {[#]} Bc5 $1 $36 {[%mdl 2048] aiming for ...Rxd2! Black is really pushing.} 30. Qe2 (30. Bc1 $142) 30... Rd5 31. Kf1 Bf8 32. Qc4 Nxa5 33. Qxe4 $2 (33. Qc2 {only move.}) 33... Nxb3 {White must now prevent ...Qb5+.} 34. Nf3 a5 35. Be1 Nc5 36. Qe8 $2 (36. Qc4 Ne6 37. h3) 36... b3 {Black is clearly winning.} 37. Rxa5 b2 38. Ra8 Nd7 {Accuracy: White = 40%, Black = 93%.} 0-1

[Event "WSTCC-65 2020"]
[Site "Prague"]
[Date "2020.03.09"]
[Round "4.7"]
[White "Rashkovsky, Nukhim N"]
[Black "Boudre, Jean-Pierre"]
[Result "1-0"]
[WhiteElo "2440"]
[BlackElo "2263"]
[Annotator "TA"]
[PlyCount "99"]
[EventDate "2020.03.06"]
[EventType "team-tourn"]
[EventCountry "CZE"]
[SourceTitle "playchess.com"]
[Source "ChessBase"]
[SourceQuality "1"]

{[%evp 11,99,8,12,0,0,0,0,-9,-10,0,-8,-20,-29,-53,-51,-75,-39,-48,-33,-33,-35,-37,-20,-22,-13,-24,-12,-26,-14,-20,-18,-34,-29,-32,-16,-19,-7,-16,-9,-6,0,-17,-14,-60,-5,-7,-5,-43,-36,-101,8,13,18,13,45,8,10,22,29,4,4,0,0,0,0,0,72,81,83,27,29,29,73,66,99,85,140,144,152,120,147,142,141,140,186,183,215,217,215,189]} 1. Nf3 c5 2. g3 b6 3. Bg2 Bb7 4. O-O Nf6 5. d3 g6 6. e4 d6 7. e5 {A05: Réti Opening: 1 Nf3 Nf6.} dxe5 $1 8. Nxe5 Bxg2 9. Kxg2 {[#] The position is equal.} Qd5+ $146 ({Predecessor:} 9... Nbd7 10. Nxd7 Qxd7 11. a4 Bg7 12. Nc3 O-O 13. Re1 Ng4 14. Qf3 Rad8 15. Bf4 Bd4 {0-1 (44) Giertz,N (2305)-Panzalovic,S (2325) Aarhus 1990}) 10. Qf3 Qxf3+ 11. Kxf3 Nd5 12. c3 Bg7 13. Re1 Bxe5 (13... O-O {keeps more tension.} 14. Nd2 Nc7 15. Ndc4 f6 16. Ng4 Nc6) 14. Rxe5 e6 15. Re1 Nc6 16. Na3 O-O-O 17. Nc4 Rhe8 18. a4 f6 19. h4 h5 20. Bh6 Rd7 21. Rad1 Nc7 22. Ke2 e5 23. Bc1 Kb7 24. f3 a6 $36 {[%mdl 2048] White is under pressure.} 25. Nd2 f5 26. Nb3 Ne6 27. Bg5 b5 (27... Nxg5 $15 28. hxg5 f4) 28. axb5 $11 axb5 29. Ra1 Kb6 30. Ra2 ({Better is} 30. Bh6 $15) 30... Ra7 (30... f4 $17 31. gxf4 Nxf4+ 32. Bxf4 exf4+ 33. Kf2 Rxe1 34. Kxe1 Re7+ 35. Kf2 Re3) 31. Rxa7 Nxa7 32. Be3 f4 33. Bf2 {next gxf4 is good for White.} fxg3 $1 34. Bxg3 Nc6 35. Kd2 c4 36. Bf2+ Kc7 37. dxc4 bxc4 38. Nc5 Kd6 (38... Nxc5 $11 {remains equal.} 39. Bxc5 Na5) 39. Ne4+ $16 Kc7 40. Rg1 ({White should play} 40. Kc2 $16) 40... Nf4 $1 $11 41. Kc2 Rf8 42. Bc5 Rd8 43. Nd2 Rd3 (43... Na5 $142) 44. Nxc4 $16 {Black must now prevent Bb6+.} Rxf3 45. Bd6+ Kb7 46. Bxe5 {White is clearly better.} Rf2+ 47. Kb3 Nd3 48. Bd6 Rf6 49. Rd1 Nf2 50. Re1 {Accuracy: White = 80%, Black = 72%.} 1-0

[Event "WSTCC-65 2020"]
[Site "Prague"]
[Date "2020.03.09"]
[Round "4.8"]
[White "Letzelter, Jean-Claude"]
[Black "Zhelnin, Vladimir V"]
[Result "0-1"]
[WhiteElo "2128"]
[BlackElo "2404"]
[Annotator "TA"]
[PlyCount "95"]
[EventDate "2020.03.06"]
[EventType "team-tourn"]
[EventCountry "CZE"]
[SourceTitle "playchess.com"]
[Source "ChessBase"]
[SourceQuality "1"]

{[%evp 9,95,-60,-66,-112,-112,-112,-111,-104,-101,-150,-48,-67,-36,-41,-38,-37,-38,-50,-41,-71,-85,-99,-87,-145,-107,-137,-126,-156,-146,-180,-175,-214,-169,-165,-174,-152,-119,-170,-138,-155,-22,-18,-14,-17,-8,-58,-58,-56,-56,-55,-50,-50,-52,-55,-52,-59,-80,-138,-127,-403,-402,-409,-388,-395,-322,-884,-860,-2215,-2316,-1963,-2105,-4782,-3877,-2878,-2344,-29985,-29984,-29984,-29985,-29985,-29986,-29986,-29987,-29987,-29988,-29988,-29989,-29990]} 1. b4 e5 2. Bb2 f6 3. e4 Bxb4 4. Bc4 c6 5. c3 {[#]} Be7 $146 ({Predecessor:} 5... Ba5 6. Ba3 d5 7. exd5 cxd5 8. Bb3 Nc6 9. Ne2 Nge7 10. O-O O-O 11. d3 Kh8 12. Nd2 {1-0 (33) Tagirov,K (1901)-Gorshkov,N Ufa 2012}) 6. Qf3 {A00: Irregular Openings.} Nh6 7. Ne2 {[#]} d5 $1 {[%mdl 512]} 8. exd5 {Black is better.} Bg4 9. Qd3 {[#]} cxd5 (9... b5 $1 $17 {[%cal Rb5c4]} 10. Bb3 Na6) 10. Qxd5 $15 Qxd5 11. Bxd5 Nc6 12. Ba3 Rd8 13. Bxc6+ bxc6 14. Bxe7 Kxe7 15. f3 Be6 16. Kd1 (16. Na3 $142) 16... Rd5 17. d4 Nf5 18. g4 Nh4 ({Not} 18... exd4 19. gxf5 dxc3+ 20. Kc1 $14) 19. Rf1 h5 20. h3 Ng6 21. Nd2 hxg4 22. hxg4 Ra5 23. c4 (23. dxe5 $17 {was necessary.} Nxe5 24. Nd4) 23... Rh2 {And now ...Ra3 would win.} 24. a4 exd4 ({Black should play} 24... Kf7 $17 {Strongly threatening ...exd4.} 25. Re1 exd4) 25. Nxd4 $11 Bd7 26. Kc2 Re5 27. f4 Re3 28. Rae1 Rxe1 29. Rxe1+ Kd6 30. N4f3 Rg2 31. f5 Ne5 32. Nxe5 fxe5 $15 {[%mdl 4096] Endgame KRB-KRN} 33. Re4 (33. Kc3 $142) 33... c5 $17 34. Re3 $2 {[%mdl 8192] This move loses the game for White.} (34. a5 $17) 34... Rxg4 $19 35. Rd3+ Rd4 36. Ne4+ Ke7 37. Rxd4 $2 (37. Ng3) 37... cxd4 {KB-KN} 38. Ng3 Bxa4+ 39. Kd3 Bc6 40. c5 a5 41. Kc4 a4 42. Nh5 Kf7 {Black mates.} 43. Ng3 a3 44. Kb3 e4 45. Kxa3 e3 46. Kb3 d3 {[%cal Bd4d3,Bd3d2][%mdl 32]} 47. Kc3 d2 48. Kd4 {Accuracy: White = 48%, Black = 76%.} 0-1

[Event "WSTCC-65 2020"]
[Site "Prague"]
[Date "2020.03.09"]
[Round "4.9"]
[White "Birnboim, Nathan"]
[Black "Pruefer, Friedbert"]
[Result "0-1"]
[WhiteElo "2369"]
[BlackElo "2214"]
[Annotator "TA"]
[PlyCount "122"]
[EventDate "2020.03.06"]
[EventType "team-tourn"]
[EventCountry "CZE"]
[SourceTitle "playchess.com"]
[Source "ChessBase"]
[SourceQuality "1"]

{[%evp 13,122,15,52,47,44,44,50,25,30,40,54,23,35,17,47,34,63,16,40,0,0,0,0,0,5,0,0,0,0,-22,-21,-21,-15,-6,-23,-52,-61,-30,-32,-145,-152,-121,-87,-131,-72,-118,-95,-96,-114,-112,-77,-68,0,-5,-7,-2,0,0,576,-54,-63,-85,-90,-97,-110,-148,-56,-166,-155,-180,-194,-109,-23,-52,-8,-8,-8,-8,-8,-42,-44,-77,-80,-80,-74,-2300,-2234,-2020,-2020,-1446,-1204,-1907,-1680,-29972,-29974,-29975,-29977,-29977,-29978,-29978,-29979,-29978,-29980,-29979,-29979,-29978,-29979,-29993,-29994,-29994,-83]} 1. d4 Nf6 2. c4 e5 3. dxe5 Ng4 4. Nf3 Bc5 5. e3 Nc6 6. Be2 O-O 7. O-O Re8 {7...Ngxe5 is the modern continuation.} 8. Nd4 {A52: Budapest Gambit.} Ngxe5 9. f4 Ng6 10. f5 {[#] White is slightly better.} Nge5 $146 {[#]} ({Predecessor:} 10... Nge7 11. f6 gxf6 12. Nc3 d6 13. Ne4 Nf5 14. Nxc6 bxc6 15. Qd3 Bb6 16. c5 dxc5 {½-½ (41) Saharinen,P (2244)-Laine,E (1826) ICCF email 2008}) 11. f6 $1 {[%mdl 512]} g6 (11... gxf6 12. Nc3) 12. Nc3 b6 13. a3 a5 14. b3 Bb7 15. Kh1 Bf8 16. Ndb5 Na7 17. e4 Nxb5 18. cxb5 Re6 19. Bg5 c6 20. Qd2 Rc8 21. Qf4 h6 $36 {[%mdl 2048] Black fights for an advantage.} 22. Bxh6 Bxh6 23. Qxh6 {[%csl Gf6][%cal Rh6g7]} Rxf6 24. Rf4 Rxf4 25. Qxf4 Qe7 26. Na4 (26. h3 $15) 26... cxb5 $17 27. Bxb5 Qe6 28. Rf1 Bc6 (28... d5 $142 29. Be2 dxe4 30. Nxb6 Qxb6 31. Qxe5 Qxb3 32. Qxa5 Bd5) 29. Nc3 Bxb5 30. Nxb5 Nd3 31. Qf3 Qxb3 32. Nd6 Rf8 (32... Rc1 $15 33. Rxc1 Nxc1) 33. e5 Nc5 $1 34. Qf4 Qe6 35. Rf3 Kg7 $2 {[%mdl 8192]} (35... Qa2 $11 {and Black has nothing to worry.}) 36. Qg3 $2 ({White has to play} 36. Rh3 $18 {White threatens Qh6+ and mate.} Qxh3 37. gxh3) 36... f5 $15 37. h3 Ne4 38. Nxe4 fxe4 $17 {[%mdl 4096] Endgame KQR-KQR} 39. Re3 Qf5 (39... Qd5 $17 {...Rf5 is the strong threat.} 40. Qe1 Rf4) 40. Qe1 (40. Re1 $15) 40... Qf1+ $19 41. Kh2 Qxe1 42. Rxe1 {KR-KR} Re8 ({Better is} 42... Rf4 $17 {aiming for ...Kf7.} 43. Rd1 Kf7) 43. Rxe4 $11 {[#]} d6 $1 {[%mdl 512]} 44. Rd4 (44. exd6 Rxe4) 44... dxe5 45. Rd6 Rb8 {Black wants to play ...b5.} 46. Re6 b5 47. Rxe5 b4 48. axb4 axb4 {Hoping for ...b3.} 49. Re1 $2 {[%mdl 8192]} (49. Re2 $17) 49... b3 $19 50. Kg3 b2 51. Rb1 Kf6 52. Kf3 Kf5 53. Kg3 Ke4 {Black mates.} 54. h4 Kd3 55. Kf4 Rb5 56. Rh1 b1=Q 57. Rxb1 Rxb1 58. Kg5 Rg1 59. Kxg6 Rxg2+ 60. Kh6 Ke4 61. h5 Ke5 {A wild game. Accuracy: White = 55%, Black = 74%.} 0-1

[Event "WSTCC-65 2020"]
[Site "Prague"]
[Date "2020.03.09"]
[Round "4.10"]
[White "Brock, Friedemann"]
[Black "Maryasin, Boris"]
[Result "1/2-1/2"]
[WhiteElo "2230"]
[BlackElo "2305"]
[Annotator "ChessBase"]
[PlyCount "58"]
[EventDate "2020.03.06"]
[EventType "team-tourn"]
[EventCountry "CZE"]
[SourceTitle "playchess.com"]
[Source "ChessBase"]
[SourceQuality "1"]
[TimeControl "40/5400+30:1800+30"]

1. d4 {[%emt 0:00:00]} Nf6 {[%emt 0:00:00]} 2. c4 {[%emt 0:00:00]} e6 {[%emt 0:00:10]} 3. Nf3 {[%emt 0:00:00]} d5 {[%emt 0:00:18]} 4. Nc3 {[%emt 0:00:00]} dxc4 {[%emt 0:00:23]} 5. e4 {[%emt 0:00:16]} b5 {[%emt 0:00:40]} 6. e5 {[%emt 0:01:05]} Nd5 {[%emt 0:00:14]} 7. Nxb5 {[%emt 0:00:30]} Nb6 {[%emt 0:00:10]} 8. Be2 {[%emt 0:05:02]} Be7 {[%emt 0:00:52]} 9. O-O {[%emt 0:00:15]} O-O {[%emt 0:00:24]} 10. Be3 {[%emt 0:00:27]} Nc6 {[%emt 0:01:51]} 11. Rc1 {[%emt 0:14:47]} Ba6 {[%emt 0:01:17]} 12. Nc3 {[%emt 0:00:37]} Nb4 {[%emt 0:01:31]} 13. Ne1 {[%emt 0:01:04]} Rb8 {[%emt 0:05:20]} 14. a3 {[%emt 0:03:56]} N4d5 {[%emt 0:00:32]} 15. Ne4 {[%emt 0:02:41]} Nxe3 {[%emt 0:05:41]} 16. fxe3 {[%emt 0:00:06]} Nd5 {[%emt 0:00:37]} 17. Qd2 {[%emt 0:00:11]} Rb3 {[%emt 0:01:22]} 18. Rf3 {[%emt 0:07:05]} Bg5 {[%emt 0:03:22]} 19. Nxg5 {[%emt 0:02:53]} Qxg5 {[%emt 0:00:28]} 20. Bxc4 {[%emt 0:04:49]} Bxc4 {[%emt 0:00:29]} 21. Rxc4 {[%emt 0:02:46]} Rfb8 {[%emt 0:00:48]} 22. Nd3 {[%emt 0:08:19]} h5 {[%emt 0:14:29]} 23. Rc2 {[%emt 0:09:42]} c5 {[%emt 0:10:06]} 24. Nxc5 {[%emt 0:14:04]} Rxe3 {[%emt 0:00:29]} 25. Rxe3 {[%emt 0:01:40]} Qxe3+ {[%emt 0:00:46]} 26. Qxe3 {[%emt 0:00:10]} Nxe3 {[%emt 0:00:05]} 27. Re2 {[%emt 0:01:07]} Nc4 {[%emt 0:00:21]} 28. Nd3 {[%emt 0:04:27]} Rd8 {[%emt 0:04:35]} 29. Re4 {[%emt 0:00:05]} Rb8 {[%emt 0:00:08]} 1/2-1/2

[Event "WSTCC-65 2020"]
[Site "Prague"]
[Date "2020.03.09"]
[Round "4.11"]
[White "Shevelev, Arkady"]
[Black "Schoeneberg, Manfred"]
[Result "1/2-1/2"]
[WhiteElo "2278"]
[BlackElo "2144"]
[Annotator "ChessBase"]
[PlyCount "80"]
[EventDate "2020.03.06"]
[EventType "team-tourn"]
[EventCountry "CZE"]
[SourceTitle "playchess.com"]
[Source "ChessBase"]
[SourceQuality "1"]
[TimeControl "40/5400+30:1800+30"]

1. e4 {[%emt 0:00:00]} c5 {[%emt 0:00:00]} 2. Nf3 {[%emt 0:00:09]} e6 {[%emt 0:00:38]} 3. d4 {[%emt 0:00:17]} cxd4 {[%emt 0:00:07]} 4. Nxd4 {[%emt 0:00:13]} Nf6 {[%emt 0:00:17]} 5. Nc3 {[%emt 0:00:10]} d6 {[%emt 0:00:11]} 6. Be2 {[%emt 0:00:35]} Be7 {[%emt 0:00:25]} 7. O-O {[%emt 0:00:19]} O-O {[%emt 0:00:08]} 8. Be3 {[%emt 0:00:06]} a6 {[%emt 0:01:12]} 9. a4 {[%emt 0:00:15]} Nc6 {[%emt 0:03:19]} 10. Nb3 {[%emt 0:00:17]} b6 {[%emt 0:11:04]} 11. f4 {[%emt 0:00:13]} Bb7 {[%emt 0:01:13]} 12. Bf3 {[%emt 0:00:12]} Qc7 {[%emt 0:01:45]} 13. Qe2 {[%emt 0:00:35]} Nd7 {[%emt 0:04:14]} 14. Qf2 {[%emt 0:02:12]} Rac8 {[%emt 0:08:03]} 15. Rad1 {[%emt 0:07:06]} Nc5 16. Nd4 {[%emt 0:21:46]} Nxd4 {[%emt 0:08:47]} 17. Bxd4 {[%emt 0:00:36]} e5 {[%emt 0:12:12]} 18. Be3 {[%emt 0:00:53]} exf4 {[%emt 0:10:45]} 19. Bxf4 {[%emt 0:00:16]} Rcd8 {[%emt 0:07:26]} 20. Qg3 {[%emt 0:08:30]} Ne6 {[%emt 0:04:32]} 21. Be3 {[%emt 0:00:14]} Bf6 {[%emt 0:01:27]} 22. Nd5 {[%emt 0:02:06]} Bxd5 {[%emt 0:00:33]} 23. exd5 {[%emt 0:00:13]} Be5 {[%emt 0:02:40]} 24. Qf2 {[%emt 0:02:01]} Nc5 {[%emt 0:00:35]} 25. b3 {[%emt 0:00:17]} f5 {[%emt 0:01:52]} 26. Kh1 {[%emt 0:05:18]} Qe7 {[%emt 0:04:07]} 27. Qd2 {[%emt 0:02:53]} h6 {[%emt 0:02:50]} 28. Bg1 {[%emt 0:04:12]} Qh4 {[%emt 0:03:07]} 29. Qe1 {[%emt 0:01:51]} Qxe1 {[%emt 0:00:36]} 30. Rdxe1 {[%emt 0:00:31]} a5 {[%emt 0:01:03]} 31. g4 {[%emt 0:01:52]} fxg4 {[%emt 0:01:23]} 32. Bxg4 {[%emt 0:00:41]} Rxf1 {[%emt 0:00:57]} 33. Rxf1 {[%emt 0:00:12]} Rf8 {[%emt 0:00:16]} 34. Rxf8+ {[%emt 0:02:30]} Kxf8 {[%emt 0:00:04]} 35. Kg2 {[%emt 0:00:53]} Ke7 {[%emt 0:00:48]} 36. Bf3 {[%emt 0:03:35]} Kf6 {[%emt 0:01:06]} 37. Bf2 {[%emt 0:00:45]} Kf5 {[%emt 0:03:03]} 38. h3 {[%emt 0:00:55]} g5 {[%emt 0:00:35]} 39. Bg4+ {[%emt 0:03:11]} Ke4 {[%emt 0:01:07]} 40. Bf3+ {[%emt 0:00:00]} Kf5 {[%emt 0:00:00]} 1/2-1/2